Učebnice dějepisu pro nižší třídy středních škol : Pro čtvrtou třídu. Díl IV, Od Velké revoluce dodnes /

Hlavní autor: Sochor, Jaroslav, 1885-1941
Další autoři: Choc, Pavel, 1908-1981
Jazyk: Čeština
Vydáno: V Praze : Česká grafická Unie, 1947
Fyzický popis: 139-[I] s., obr. příl. : il., mapy ; 8°
Knihy
Uloženo v:
LEADER 00889nam a22002412a 4500
001 001918539
003 CZ BrMZK
005 20241205104736.0
007 ta
008 241205s1947 xr abf er|||||||||||cze d
015 |a cnb000670128 
035 |a (OCoLC)85426220 
040 |a ABA001  |b cze  |c PNA001  |d ABA001  |d BOA001 
100 1 |a Sochor, Jaroslav,  |d 1885-1941  |7 jk01120293  |4 aut 
245 1 0 |a Učebnice dějepisu pro nižší třídy středních škol :  |b Pro čtvrtou třídu.  |n Díl IV,  |p Od Velké revoluce dodnes /  |c Napsal Jaroslav Sochor ; upravil Pavel Choc 
246 3 0 |a Od Velké revoluce dodnes 
260 |a V Praze :  |b Česká grafická Unie,  |c 1947 
300 |a 139-[I] s., obr. příl. :  |b il., mapy ;  |c 8° 
500 |a S 66 vyobrazeními a mapkami v textu a 1 přílohou 
700 1 |a Choc, Pavel,  |d 1908-1981  |7 jk01050272  |4 adp 
910 |a BOA001  |b 2-0193.589,4 
990 |a BK 
991 |b 202412